000 00884nam a2200229 a 4500
001 57151
003 BD-RjUL
005 20211209080455.0
008 161206s1964 ii ||||| |||| 00| 0 ben d
020 _a: Tk. 4.00
035 _a(BD-RjUL)57275
040 _aBD-RjUL
_bben
_cBD-RjUL
041 _aben
082 _223
_a891.4409
_bDAB 1964
100 _aদাস, নির্মলেন্দু
_9169758
245 1 0 _aবাংলা সাহিত্যের মূল্যায়ন /
_cনির্মলেন্দু দাস
260 _aকলিকাতা :
_bনলেজ হোম,
_c১৯৬৪
300 _a[৬], ১৭২ পৃ. ;
_c২৩ সেমি.
650 _aবাংলা সাহিত্য
_xইতিহাস ও সমালোচনা
_9169759
650 _aBengali Literature
_xHistory and Criticism
_9169760
942 _2ddc
_cBK
999 _c57151
_d57151